Renowned Writing Collaborations (Various Genres) Quiz Stats

 Plays Quiz Updated Aug 21, 2015

Challenge
Share
Tweet
Embed
Score 0/35 Timer 06:00
3 Plays Today
% Correct
Lennon
97.8%
Brontë
94.2%
Grimm
93.4%
Cleese
89.6%
Coen
88.9%
Stewart
88.3%
Richards
87.2%
Rodgers
85%
Lee
84.1%
Gershwin
83.9%
King
82.4%
Bacharach
81.4%
Wilson
81.2%
Michaels
76.1%
Gilbert
73.5%
Woodward
70.8%
Ephron
69.2%
Rice
68.4%
% Correct
Wordsworth
68%
Farrelly
65.6%
Brooks
63.3%
Simon
62.1%
Nolan
61%
Taupin
60.1%
Bochco
60%
O'Hara
53.3%
Loewe
53.3%
Jones
51.4%
Simpson
47.5%
Charles
46.6%
Kane
38.2%
Siegel
37.1%
Stoller
31.1%
Holland
30.3%
Weil
20.2%

You're not logged in!

Compare scores with friends on all Sporcle quizzes.
OR
Log In

You Might Also Like...

Show Comments

Extras

Top Quizzes Today


Score Distribution

Your Account Isn't Verified!

In order to create a playlist on Sporcle, you need to verify the email address you used during registration. Go to your Sporcle Settings to finish the process.

Report this User

Report this user for behavior that violates our Community Guidelines.

Details: